An economic history of Kenya / (Record no. 22)

MARC details
000 -LEADER
fixed length control field 00929nam a2200289 a 4500
001 - CONTROL NUMBER
control field 632628
003 - CONTROL NUMBER IDENTIFIER
control field OSt
005 - DATE AND TIME OF LATEST TRANSACTION
control field 20230531165323.0
008 - FIXED-LENGTH DATA ELEMENTS--GENERAL INFORMATION
fixed length control field 971009s1992 ke b b 000 0 eng
010 ## - LIBRARY OF CONGRESS CONTROL NUMBER
LC control number 92981818
020 ## - INTERNATIONAL STANDARD BOOK NUMBER
International Standard Book Number 996646963X
040 ## - CATALOGING SOURCE
Original cataloging agency DLC
Transcribing agency DLC
042 ## - AUTHENTICATION CODE
Authentication code lcode
043 ## - GEOGRAPHIC AREA CODE
Geographic area code f-ke---
082 00 - DEWEY DECIMAL CLASSIFICATION NUMBER
Classification number 330.96762/042
Edition number 21
100 ## - MAIN ENTRY--PERSONAL NAME
Titles and words associated with a name W.R Ochieng' and R.M Maxon
245 03 - TITLE STATEMENT
Title An economic history of Kenya /
Statement of responsibility, etc. edited by W.R. Ochieng' and R.M. Maxon.
260 ## - PUBLICATION, DISTRIBUTION, ETC. (IMPRINT)
Place of publication, distribution, etc. Nairobi, Kenya :
Name of publisher, distributor, etc. East African Educational Publishers,
Date of publication, distribution, etc. 1992.
300 ## - PHYSICAL DESCRIPTION
Extent xvi, 460 p. :
Other physical details 2 maps ;
Dimensions 21 cm.
504 ## - BIBLIOGRAPHY, ETC. NOTE
Bibliography, etc Includes bibliographical references.
651 #0 - SUBJECT ADDED ENTRY--GEOGRAPHIC NAME
Geographic name Kenya
General subdivision Economic conditions.
700 1# - ADDED ENTRY--PERSONAL NAME
Personal name Ochieng', William Robert,
Dates associated with a name 1943-
700 1# - ADDED ENTRY--PERSONAL NAME
Personal name Maxon, Robert M.
906 ## - LOCAL DATA ELEMENT F, LDF (RLIN)
a 7
b cbc
c origode
d 3
e ncip
f 19
g y-gencatlg
942 ## - ADDED ENTRY ELEMENTS (KOHA)
Source of classification or shelving scheme Dewey Decimal Classification
Koha item type Books
Holdings
Withdrawn status Lost status Source of classification or shelving scheme Damaged status Not for loan Home library Current library Date acquired Total Checkouts Full call number Barcode Date last seen Price effective from Koha item type
    Dewey Decimal Classification     Bunge Tower Library Bunge Tower Library 05/31/2023   330.96762/042 10014295 05/31/2023 05/31/2023 Books
LIBRARY OPENING HOURS

When the Parliament is sitting: 8.00a.m - 7.00p.m or until the house adjourns
Mondays and Fridays and when the House is on Recess:  8.00a.m - 5.00p.m
Closed on Weekends and Public Holidays

Online Public Access Catalog (OPAC)
Website: http://www.parliament.go.ke
Bunge Library: https://libraryir.parliament.go.ke
Contact: library@parliament.go.ke | Tel no: (254-2)2221291 or 2848000 Ext 5043